000 00299nam a22001337a 4500
008 170601b xxu||||| |||| 00| 0 eng d
020 _a9780195097641
041 _aeng
080 _22ND
_a94(7/8)
100 _a17
101 _aSHH
245 _aAMERICAN LEGAL HISTORY
_cHALL,K.L
942 _2udc
_cBK
999 _c15440
_d15440